000 00471nam a2200169Ia 4500
008 220216s9999 xx 000 0 und d
100 _aSantoso M
245 0 _aThermal oxidation aging of rubbers: Characterization by chemiluminescence
260 _bKautschuk Gummi Kunststoffe
_c2007
300 _a192-198
650 _aChemiluminescence
650 _aPolydienes
650 _aThermal oxidative aging
700 _aGiese U
700 _aSchuster R H
942 _cJS
999 _c71228
_d71228